| 000 | 00929cam a2200301 4500 | ||
|---|---|---|---|
| 001 | J1829 | ||
| 008 | 090401t1993 xxu||||| |||| 00| 0 eng d | ||
| 035 | _a(Sirsi) u45649 | ||
| 041 | _aeng | ||
| 050 | _a368.56 | ||
| 100 | _aMonkman, David | ||
| 245 | _aInsurances for the construction industry. | ||
| 260 |
_aAscot, Berks. _bChartered Institute of Building _c1993 |
||
| 300 | _a11p. ; 30cm. | ||
| 350 | _a0 | ||
| 490 |
_aConstruction Papers _v26 |
||
| 650 | _aBUILT ENVIRONMENT-BUILDING CONTRACT FORMS | ||
| 650 | _aBUILDING INDUSTRY | ||
| 650 | _aICE CONDITIONS OF CONTRACT | ||
| 650 |
_aInsurance _96249 |
||
| 650 | _aBUILT ENVIRONMENT-BUILDING CONTRACT FORMS-STANDARD FORMS OF BUILDING CONTRACT-JOINT CONTRACTS TRIBNUAL CONTRACTS | ||
| 650 | _aLATENT DEFECTS | ||
| 650 | _aLIABILITY | ||
| 690 |
_aINSURANCE _96249 |
||
| 710 |
_aChartered Institute of Building _92134 |
||
| 942 | _n0 | ||
| 948 | _c04/03/1997 | ||
| 999 |
_c91790 _d91790 |
||